| 000 -LEADER |
| fixed length control field |
00535cam a22001337a 4500 |
| 008 - FIXED-LENGTH DATA ELEMENTS--GENERAL INFORMATION |
| fixed length control field |
180718b1969 xxu||||| |||| 00| 0 eng d |
| 082 ## - DEWEY DECIMAL CLASSIFICATION NUMBER |
| Classification number |
B6x751 De376app |
| 100 ## - MAIN ENTRY--PERSONAL NAME |
| Personal name |
United States. Governor's Task Force on Reorganization of the Executive Brancha of Government |
| 245 ## - TITLE STATEMENT |
| Title |
Governer's Task Force on Reorganization of the Executive Branch of Government, Cabinet (Appendix F to final report) |
| 260 ## - PUBLICATION, DISTRIBUTION, ETC. |
| Place of publication, distribution, etc. |
Delaware |
| Name of publisher, distributor, etc. |
The author |
| Date of publication, distribution, etc. |
1969 |
| 300 ## - PHYSICAL DESCRIPTION |
| Extent |
82p. |
| 500 ## - GENERAL NOTE |
| General note |
Chairman: E. Norman Veasey |
| 700 ## - ADDED ENTRY--PERSONAL NAME |
| Personal name |
Veasey, E. Norman (Chairman) |